000 00692nam a2200265Ia 4500
005 20260121173631.0
008 008 260114s9999 xx 000 0 eng d
020 _a9783319170619
037 _aEBOOK
040 _aCRL
040 _beng
040 _cCRL
041 _2eng
041 _aeng
084 _qCRL
100 _aJuan Rodr?guez-Hern?ndez Aitziber L. Cortajarena
_91103296
245 0 _aDesign of Polymeric Platforms for Selective Biorecognition
260 _bSpringer
260 _bSpringer
260 _c2015
856 _uhttps://link.springer.com/openurl?genre=book&isbn=978-3-319-17061-9
942 _cEBOOK
999 _c1669041
_d1669041